000 00560nam a22001817a 4500
005 20251108172256.0
008 250721s1987 xx 000 0 ara d
082 1 4 _a604.2/فير
100 1 _aفيرث، س . ب
245 1 0 _aتكنولوجيا الرسم الهندسي /
264 1 _aالقاهرة :
_bمؤسسة الأهرام،
_c1987.
300 _a262ص : فهارس
650 1 7 _aالرسم الميكانيكي
700 1 _aويلليجن، فاندر
700 1 _aفرويز، محمود
_eترجمة
942 _2ddc
_cBK
999 _c74869
_d74869